Asia and the Global Economic Crisis : Challenges in a Financially Integrated World /

This book provides an analysis of the global economic crisis from an Asian perspective. It examines the impacts of the policy measures adopted, the remaining challenges in rebalancing the global economy, the next steps in regional economic integration in Asia, and issues related to reform of the int...

Full description

Bibliographic Details
Main Authors: Dowling, John Malcolm (Author), Rana, Pradumna Bickram (Author)
Corporate Author: SpringerLink (Online service)
Format: eBook
Language:English
Published: London : Palgrave Macmillan UK : Imprint: Palgrave Macmillan, 2010.
Subjects:
Online Access:Connect to the full text of this electronic book

MARC

Tag First Indicator Second Indicator Subfields
LEADER 00000cam a22000005i 4500
001 in00003728521
005 20210728125704.0
006 m o d
007 cr nn 008mamaa
008 151120s2010 xxk| o |||| 0|eng d
020 |a 9780230307025  |9 978-0-230-30702-5 
024 7 |a 10.1057/9780230307025  |2 doi 
035 |a (DE-He213)978-0-230-30702-5 
035 |a 5306942 
040 |d UtOrBLW 
072 7 |a BUS069020  |2 bisacsh 
072 7 |a KCL  |2 bicssc 
082 0 4 |a 337  |2 23 
090 |a HC412  |b .D695 2010 
100 1 |a Dowling, John Malcolm,  |e author. 
245 1 0 |a Asia and the Global Economic Crisis :  |b Challenges in a Financially Integrated World /  |c by John Malcolm Dowling, Pradumna Bickram Rana. 
264 1 |a London :  |b Palgrave Macmillan UK :  |b Imprint: Palgrave Macmillan,  |c 2010. 
300 |a 1 online resource (XVI, 271 pages) 
336 |a text  |b txt  |2 rdacontent 
337 |a computer  |b c  |2 rdamedia 
338 |a online resource  |b cr  |2 rdacarrier 
347 |a text file  |b PDF  |2 rda 
500 |a Electronic resource. 
520 |a This book provides an analysis of the global economic crisis from an Asian perspective. It examines the impacts of the policy measures adopted, the remaining challenges in rebalancing the global economy, the next steps in regional economic integration in Asia, and issues related to reform of the international financial architecture. 
650 1 4 |a Economics. 
650 2 4 |a Development Economics. 
650 2 4 |a International Economics. 
650 2 4 |a Macroeconomics/Monetary Economics//Financial Economics. 
650 0 |a Development economics.  |0 http://id.loc.gov/authorities/subjects/sh94005272 
650 0 |a International economic relations.  |0 http://id.loc.gov/authorities/subjects/sh85067395 
650 0 |a Macroeconomics.  |0 http://id.loc.gov/authorities/subjects/sh85079443 
655 7 |a Electronic books.  |2 local 
700 1 |a Rana, Pradumna Bickram,  |e author. 
710 2 |a SpringerLink (Online service)  |0 http://id.loc.gov/authorities/names/no2005046756 
773 0 |t Springer eBooks 
776 1 8 |i Printed edition:  |z 9781349324118 
856 4 0 |u http://proxy.library.tamu.edu/login?url=https://dx.doi.org/10.1057/9780230307025  |z Connect to the full text of this electronic book  |t 0 
999 f f |s a0dcab0c-d995-379c-b209-6f5d136b7a54  |i 6d904679-8503-3dad-a75b-efe9434bae0a  |t 0 
952 f f |a Texas A&M University  |b College Station  |c Electronic Resources  |d Available Online  |t 0  |e HC412 .D695 2010  |h Library of Congress classification 
998 f f |a HC412 .D695 2010  |t 0  |l Available Online